=LDR 00000nam 2200000 4500 =001 INLIS000000000002381 =005 20130612090725 =008 ***********************************Ind** =035 ##$$0010-061300000002381 =041 ##$$a Ind =082 ##$$a 910.7 =090 ##$$a 910.7, Pur p =100 ##$$a Purwanto,Joko =245 ##$$a Pengantar pariwisata untuk SMK kelompok bisnis dan manajemen kurikulum 1994 kelas 1 caturwulan 1,2 dan 3 =260 ##$$a 1994 $b Bandung =300 ##$$a xi,77 hlm, ilus, 28 cm =650 ##$$a Pariwisata =650 ##$$a Studi dan Pengajaran =850 ##$$a NBPNMAT =990 ##$$a 0001/BPAP-NTB/20142015